| 000 | 01142nam a2200301 i 4500 | ||
|---|---|---|---|
| 003 | DO-SdBNP | ||
| 005 | 20250730115202.0 | ||
| 007 | ta | ||
| 008 | 250610b2024 dr ||||| |||| 00| 0 spa d | ||
| 020 | _a9789945801446 | ||
| 040 |
_aDO-SdBNP _bspa _cBNPHU _erda |
||
| 041 | _aspa | ||
| 082 | 4 |
_a863.44 _bB844a _222 |
|
| 100 | 1 |
_aBretón Martínez, Freddy Antonio de Jesús, _d1947- _eautor _4aut. _qBretón Martínez, Freddy Antonio de Jesús _911012 |
|
| 245 | 1 | 3 |
_aEl anacoreta / _cFreddy Bretón ; foto de las solapas, Juan Guzmán ; diseño y diagramación, Fausto M. Delgado R. |
| 264 | 4 |
_aSanto Domingo, República Dominicana : _bAmigos del Hogar, _c©2024. |
|
| 300 |
_a191 páginas ; _c22 cm. |
||
| 336 |
_atexto _btxt _2rdacontent |
||
| 337 |
_asin mediación _bn _2rdamedia |
||
| 338 |
_avolumen _bnc _2rdacarrier |
||
| 590 | _aInventariado, 2025 /LP | ||
| 650 | 4 |
_aNovela dominicana _9223 |
|
| 650 | 0 |
_aLiteratura dominicana. _967 |
|
| 700 | 1 |
_aDelgado R., Fausto M. _ediseño y diagramación _4di _988037 |
|
| 700 | 1 |
_aGuzmán, Juan _efotógrafo _4fot. _988038 |
|
| 910 | _aLP. Validado. Control de Calidad/MAA | ||
| 942 |
_2ddc _cLBS1 |
||
| 999 |
_c58466 _d58466 |
||